000 00697nam a2200289Ia 4500
005 20260324125639.0
008 008 260324s9999 xx 000 0 eng d
020 _a9781315597638
037 _aEBOOK
040 _aCRL
040 _beng
040 _cCRL
041 _2eng
041 _aeng
084 _qCRL
100 _aJoanna Herbert
_91178774
245 0 _aNegotiating Boundaries in the City
245 0 _bMigration, Ethnicity, and Gender in Britain
260 _bTaylor and Francis
260 _c2008
365 _a
365 _b240
856 _uhttp://www.taylorfrancis.com/books/9781315597638
942 _cEBOOK
999 _c1774235
_d1774235